000 01062 a2200241 4500
999 _c10961
_d10961
020 _a9780231193412
050 0 0 _aN7350
_bNOB 2018
100 1 _aTsuji, Nobuo,
_d1932-
_eauthor.
245 1 0 _aHistory of art in Japan /
_cTsuji Nobuo ;
250 _aEnglish paperback edition.
264 1 _aNew York :
_bColumbia University Press,
_c2019.
300 _apages cm
336 _atext
_btxt
_2rdacontent
337 _aunmediated
_bn
_2rdamedia
338 _avolume
_bnc
_2rdacarrier
500 _a"This book originally appeared in Japanese as Nihon bijutsu no rekishi (Tokyo: University of Tokyo Press, 2005). First English edition published 2018 by University of Tokyo Press."
504 _aIncludes bibliographical references and index.
650 0 _aArt, Japanese.
651 _aJapan
700 1 _aRousmaniere, Nicole Coolidge,
_d1961-
_etranslator.
942 _2lcc
_cBK
_h7360
_iNOB
_kN